000 00345 a2200157 4500
001 68157
020 _a9781447203162
040 _cAnchieta - Pituba
100 _aJames, Peter
240 1 0 _aPerfect people
_leng
245 1 0 _aPerfect people
300 _a597
362 0 _a2011
650 4 _aFicção norte-americana em inglês
942 _cBK
999 _c68157
_d68157